| 000 | 00456nam a22001697a 4500 | ||
|---|---|---|---|
| 999 |
_c525211 _d525211 |
||
| 003 | NUST | ||
| 020 | _c(Hbk) | ||
| 038 | _aM. Shaban | ||
| 082 |
_a891.439 _bHAM |
||
| 100 |
_aHamd Khalili, Ahmad Bin _915959 |
||
| 245 |
_aEstabdad / _cAhmad Bin Hamd Khalili |
||
| 260 |
_aIslamabad : _bManzal printers, |
||
| 300 | _a358 p. ; | ||
| 880 |
_6100-01\r _aعلامہ احمد بن حمد خلیلی |
||
| 880 |
_6245-02\r _aاستبداد / |
||
| 942 |
_2ddc _cBK |
||